Business the Yahoo way secrets of the world's most popular Internet company

Main Author: Smith, Bob
Other Authors: Vlamis,
Published: Oxford: Capstone, 2000.
Subjects:
LEADER 00688cam a2200193 7i4500
001 0000021736
005 20140615090000.0
020 # 0 |a 1841121053  
090 0 0 |a HD 9696.8   |b U64 S643 
100 1 # |a Smith, Bob  
245 1 0 |a Business the Yahoo way secrets of the world's most popular Internet company   |c Bob Smith and Anthony Vlamis. 
260 # # |a Oxford:   |b Capstone,   |c 2000. 
300 # # |a viii, 23 1p.;   |c 23 cm.. 
504 0 0 |a Includes bibliographical references and index 
590 # # |a Pusat Pengajian Perniagaan dan Pengurusan Maritim 
610 2 0 |a Yahoo! Inc.  
650 0 0 |a Internet industry --   |z United States  
700 1 1 |a Vlamis,   |h Anthony  
999 |a 1100003721  |b Book  |c Open Shelf  |e KOLEKSI TERBUKA